| Поле | Инд. | ПП | Название | Значение |
|---|---|---|---|---|
| Тип записи | a | |||
| Библиографический уровень | m | |||
| 001 | Контрольный номер | RU/IS/BASE/362140696 | ||
| 005 | Дата корректировки | 20150513113635.2 | ||
| 020 | a | ISBN | 978-5-358-03022-0 | |
| 040 | a | Служба первич. каталог. | НБ ТвГУ | |
| b | Код языка каталог. | rus | ||
| e | Правила каталог. | PSBO | ||
| 041 | 0_ | a | Код языка текста | rus |
| 080 | a | Индекс УДК | 519.21(075.8) | |
| 084 | a | Индекс другой классификации/Индекс ББК | В171я73-1 | |
| 090 | a | Полочн. индекс | В171 | |
| x | Авторский знак | Ч-68 | ||
| 100 | 1_ | a | Автор | Чистяков Владимир Павлович |
| q | Полное имя | Чистяков В. П. | ||
| 245 | 10 | a | Заглавие | Курс теории вероятностей |
| b | Продолж. заглавия | учебник для студентов вузов, обучающихся по направлениям подготовки и специальностям в области техники и технологии | ||
| 250 | a | Основные сведения об издании | 7-е изд., испр. и доп. | |
| 260 | a | Место издания | Москва | |
| b | Издательство | Дрофа | ||
| c | Дата издания | 2007 | ||
| 300 | a | Объем | 252, [1] с. | |
| b | Иллюстрации/ тип воспроизводства | ил. | ||
| 440 | _0 | a | Серия | Высшее образование |
| 504 | a | Библиография | Библиогр.: с. 248 | |
| 504 | a | Библиография | Предм. указ.: с. 249-250 | |
| 520 | a | Аннотация | В учебнике изложены основные разделы теории вероятностей, составляющие базовый курс этого предмета: простейшие вероятностные модели, последовательности испытаний, случайные величины, характеристические и производящие функции, предельные теоремы, цепи Маркова. | |
| В | ключены задачи, позволяющие сравнить выводы теории с результатами проведенного моделирования. | |||
| К | о многим задачам приведены подробные решения, которые являются дополнением к основному теоретическому материалу. | |||
| Д | ля студентов вузов и всех, кто хочет овладеть методами теории вероятностей . | |||
| 653 | a | Ключевые слова | Математика | |
| a | Ключевые слова | Теория вероятностей | ||
| a | Ключевые слова | Учебники для вузов | ||
| 901 | t | Тип документа | m | |
| 910 | a | гриф есть* | ||
| 920 | a | Оператор | Густ | |
| 930 | a | Новая/Ретро | учебники | |
| 952 | c | Вид литературы | К ру | |
| 954 | a | Дата поступления на обработку | 20110628 |